Normal view
MARC view
Entry Topical Term
001 - CONTROL NUMBER
- control field: 33361
003 - CONTROL NUMBER IDENTIFIER
- control field: ARRUPE
005 - DATE AND TIME OF LATEST TRANSACTION
- control field: 20170719105704.0
008 - FIXED-LENGTH DATA ELEMENTS
- fixed length control field: 170719|| aca||aabn | a|a d
040 ## - CATALOGING SOURCE
- Original cataloging agency: ARRUPE
- Transcribing agency: ARRUPE
150 ## - HEADING--TOPICAL TERM
- Topical term or geographic name as entry element: Philosophy, Modern
- Geographic subdivision: Europe
- Chronological subdivision: 20th century.
670 ## - SOURCE DATA FOUND
- Source citation: Work cat.: (ARRUPE)4828: Cutrofello, Andrew, 1961- 33359, Continental philosophy :, 2005.